000 00725cam a2200241I 4500
001 11242
003 BD-RjUL
005 20211208235108.0
008 140126s1948 nyua b 000 0 eng c
035 _a11291
040 _aIllinois. Univ. Library.
_cTLM
_dOCL
_dSER
_dBD-RjUL
_beng
041 _aeng
082 _a547.84
_bBAC 1948
090 _aQD471.B39x 1948
100 1 _aBawn, C. E. H.
_q(Cecil Edwin Henry)
_934792
245 1 4 _aThe chemistry of high polymers /
_cC. E. H. Bawn.
260 _aNew York :
_bInterscience Publishers,
_c1948.
300 _ax, 249 p. :
_bill. ;
_c23 cm.
504 _aIncludes index and bibliography.
650 0 _aPolymers.
_934793
650 0 _aPolymerization.
_934794
942 _2ddc
_cBK
999 _c11242
_d11242